[Event "Reykjavik op"]
[Site "Reykjavik"]
[Date "2023.04.01"]
[Round "5"]
[White "Beuger, Ronald"]
[Black "Abmayr, Annika"]
[Result "0-1"]
[WhiteElo "1754"]
[BlackElo "1054"]
[PlyCount "92"]
[EventDate "2023.03.29"]
[EventType "swiss"]
[EventRounds "9"]
[EventCountry "ISL"]
[SourceTitle "CBM 213 Extra"]
[Source "ChessBase"]
[SourceDate "2023.05.31"]
[SourceVersion "1"]
[SourceVersionDate "2023.05.31"]
[SourceQuality "1"]

1. Nf3 Nf6 2. g3 d5 3. Bg2 Bg4 4. c4 c6 5. b3 Na6 6. Bb2 Bxf3 7. Bxf3 Nc5 8. d3 Ne6 9. Nd2 g6 10. Rc1 Bg7 11. Bg2 0-0 12. 0-0 Re8 13. e3 Qd7 14. Qe2 Rad8 15. d4 h5 16. Nf3 Ng4 17. Rfd1 Nc7 18. h3 Nf6 19. Ne5 Qc8 20. Kh2 Nd7 21. cxd5 cxd5 22. Bxd5 Nxe5 23. dxe5 Qb8 24. Bxf7+ Kxf7 25. Qc4+ Ne6 26. Bd4 Bxe5 27. f4 Bxd4 28. exd4 Rc8 29. Qd3 Rxc1 30. Rxc1 Ng7 31. Qe4 Nf5 32. g4 hxg4 33. hxg4 Ng7 34. Kg2 Qd6 35. Rf1 Qc6 36. d5 Qd6 37. f5 g5 38. Qd4 Rd8 39. f6 exf6 40. Qxa7 Qxd5+ 41. Rf3 Qe4 42. Kg3 Ne6 43. Qb6 Qe5+ 44. Kg2 Rd2+ 45. Rf2 Nf4+ 46. Kf3 Rd3+ 0-1